Tallest Buildings in New York on a Map - Statistics

General Stats
  • This quiz has been taken 315 times
  • The average score is 5 of 15
Answers on the Map
Answers color-coded by a green-red scale on the quiz's map according to % correct below.
 
Answer Stats
Height Building % Correct
1,250 ft (381 m) Empire State Building
99%
1,776 ft (541 m) One World Trade Center
94%
1,046 ft (319 m) Chrysler Building
71%
1,550 ft (472 m) Central Park Tower
36%
1,066 ft (325 m) The Brooklyn Tower
28%
1,388 ft (423 m) 270 Park Avenue
26%
1,397 ft (426 m) 432 Park Avenue
24%
1,401 ft (427 m) One Vanderbilt
23%
1,079 ft (329 m) Three World Trade Center
22%
1,428 ft (435 m) 111 West 57th Street
21%
1,200 ft (366 m) Bank of America Tower
18%
1,270 ft (387 m) 30 Hudson Yards
16%
1,046 ft (319 m) New York Times Tower
16%
1,031 ft (314 m) The Spiral
10%
1,050 ft (320 m) 53 West 53
7%
No matching quizzes found
Score Distribution
Percent of People with Each Score
Percentile by Number Answered
Your Score History
You have not taken this quiz